Real options : (Record no. 345675)

000 -LEADER
fixed length control field 02346 a2200229 4500
020 ## - INTERNATIONAL STANDARD BOOK NUMBER
International Standard Book Number 0875848451
020 ## - INTERNATIONAL STANDARD BOOK NUMBER
International Standard Book Number 9780875848457
082 04 - DEWEY DECIMAL CLASSIFICATION NUMBER
Classification number 332.645
090 ## - LOCALLY ASSIGNED LC-TYPE CALL NUMBER (OCLC); LOCAL CALL NUMBER (RLIN)
-- 3187
-- 3187
100 1# - MAIN ENTRY--PERSONAL NAME
Personal name Amram, Martha.
245 10 - TITLE STATEMENT
Title Real options :
Remainder of title managing strategic investment in an uncertain world /
Statement of responsibility, etc. Martha Amram.
260 ## - PUBLICATION, DISTRIBUTION, ETC.
Place of publication, distribution, etc. [S.l.] :
Name of publisher, distributor, etc. Oxford University Press, USA,
Date of publication, distribution, etc. 1998.
300 ## - PHYSICAL DESCRIPTION
Extent 246 p. ;
Dimensions 24 cm.
490 1# - SERIES STATEMENT
Series statement Financial management association survey and synthesis series.
500 ## - GENERAL NOTE
General note Hardcover.
520 ## - SUMMARY, ETC.
Summary, etc. In capital investing, as in life, you always have options. In today's extremely turbulent world, managers recognize how risky the most valuable investment opportunities often are, and how useful a flexible strategy can be. That's why they want to know all their options. Yet many current financial assessment tools fail to identify what investors can do to capitalize on future uncertain events. Martha Amram and Nalin Kulatilaka suggest a smarter new way to think about strategic investments in terms of real options. By applying options thinking--the concept behind the recent Nobel Prize-winning work on financial options--to the evaluation of nonfinancial assets, this innovative approach brings a financial market discipline to the evaluation of a company's opportunities. Using real options theory, managers can more effectively target crucial opportunities to redeploy, delay, modify, or even abandon capital-intensive projects as events unfold. Corporate executives in finances, investments, and project management should share this book with decision makers in information technology, strategic planning, corporate restructuring, venture capital, and law. Through timely case studies, the authors show managers how to use real options to evaluate investments and create exit strategies in R&D, product design, contracts, and information technology. By linking strategic vision and tactical project decisions, Real Options helps to improve capital investment planning and results.
700 1# - ADDED ENTRY--PERSONAL NAME
Personal name Kulatilaka, Nalin.
830 #0 - SERIES ADDED ENTRY--UNIFORM TITLE
Uniform title Financial management association survey and synthesis series.
856 40 - ELECTRONIC LOCATION AND ACCESS
Materials specified Amazon.com
Uniform Resource Identifier <a href="http://www.amazon.com/exec/obidos/ASIN/0875848451/chopaconline-20">http://www.amazon.com/exec/obidos/ASIN/0875848451/chopaconline-20</a>
856 40 - ELECTRONIC LOCATION AND ACCESS
Materials specified Amazon customer reviews
Uniform Resource Identifier <a href="http://www.chopac.org/cgi-bin/tools/azrev.pl?q=0875848451">http://www.chopac.org/cgi-bin/tools/azrev.pl?q=0875848451</a>
942 ## - ADDED ENTRY ELEMENTS (KOHA)
Institution code [OBSOLETE] NBS
Koha item type Book
Call number prefix 332.645 KUL
Holdings
Withdrawn status Lost status Damaged status Not for loan Permanent Location Current Location Date acquired Total Checkouts Full call number Barcode Date last seen Date last checked out Price effective from Koha item type
        Central Library (CL) Central Library (CL) 08/28/2013 1 332.645 KUL NBS5424 11/22/2017 08/04/2017 08/28/2013 Book
© 2023 Central Library, National University of Sciences and Technology. All Rights Reserved.